|
|
|
|
| LEADER |
00000nam a2200000 a 4500 |
| 001 |
UCT5229 |
| 003 |
CL-VaPUC |
| 005 |
20241017111518.0 |
| 008 |
961205e19730000us |||||||||||||||||eng|d |
| 999 |
|
|
|c 344613
|d 344611
|
| 040 |
|
|
|c Pontificia Universidad Católica de Valparaíso
|
| 082 |
0 |
4 |
|a 574.87 MAC 1973
|2 21
|
| 100 |
|
|
|a Macleod, A. G.
|e autor
|9 556502
|
| 245 |
1 |
0 |
|a Cytology: the cell and its nucleus
|
| 260 |
0 |
3 |
|a Kalamazoo, Michigan, USA
|b Upjohn
|c 1973
|
| 300 |
|
|
|a 113 páginas
|
| 583 |
|
|
|a last modification
|c 20171221 11:13:03
|k Rodrigo Vera
|
| 650 |
|
0 |
|a Células
|9 269548
|
| 650 |
|
0 |
|a Citología
|9 261432
|
| 650 |
|
7 |
|a NUCLEO CELULAR
|2 CL-VaPUC
|9 370183
|
| 650 |
|
0 |
|a Membrana celular
|9 365516
|
| 650 |
|
7 |
|a CITOPLASMA
|2 CL-VaPUC
|9 362210
|
| 650 |
|
0 |
|a Estructura celular
|9 362207
|
| 942 |
|
|
|c BK
|2 ddc
|
| 945 |
|
|
|d 19961205 00:00:00
|a paguirre
|
| 952 |
|
|
|0 0
|1 0
|2 ddc
|4 0
|6 574_870000000000000_MAC_1973
|7 0
|8 A
|9 442684
|a BIBCUR
|b BIBCUR
|d 2019-11-22
|i 1794817
|o 574.87 MAC 1973
|p 1794817
|r 2025-04-22
|t 1
|w 2019-11-22
|y BK
|k BIO
|